| 000 | 02015nam0a2200337 4500 | ||
|---|---|---|---|
| 001 | RU\NLR\bibl\58606 | ||
| 005 | 20260406155931.0 | ||
| 010 |
_a5-86225-942-2 _960000 |
||
| 021 |
_aRU _b98-47461 _92288 |
||
| 035 | _a(NLR Aleph) 000057157 | ||
| 090 |
_a309556 _c309556 |
||
| 100 | _a19991115d1998 |||y0rusy50 ca | ||
| 101 | 0 | _arus | |
| 102 | _aRU | ||
| 105 | _ay ||||||||| | ||
| 200 | 1 |
_aКомментарий к Кодексу законов о труде Российской Федерации _e(По состоянию на 30 сент. 1998 г.) _f[З.О. Александрова и др. _gПод общ. ред. проф. В.И. Шкатуллы] |
|
| 205 | _a2-е изд., доп. и перераб. | ||
| 210 |
_aМ. _cИНФРА-М _d1998 |
||
| 215 |
_a782,[1] с. _d22 |
||
| 604 |
_171001$aРоссийская Федерация. Законы _150011$aКодекс законов о труде Российской Федерации$2psbo _aРоссийская Федерация. Законы _tКодекс законов о труде Российской Федерации |
||
| 604 |
_171001$aРоссийская Федерация _150011$aКодекс законов о труде$jКомментарии$2nlr_sh2$3RU\NLR\AUTH\661258266 _aРоссийская Федерация _tКодекс законов о труде _jКомментарии _92082248 _3RU\NLR\AUTH\661258266 |
||
| 606 | 0 |
_aКодекс законов о труде _jКомментарии _yРоссийская Федерация _92073707 _3RU\NLR\auth\661248641 |
|
| 686 | _aХ627-324.9(2Р) | ||
| 701 | 1 |
_aАлександрова _bЗ. О. _gЗоя Олеговна _4070 |
|
| 702 | 1 |
_4340 _8rus _7ca _aШкатулла _bВ. И. _gВладимир Иванович _3RU\NLR\auth\778020 _9117941 |
|
| 801 | 0 |
_aRU _bNLR _c19991115 _gPSBO |
|
| 801 | 1 |
_aRU _bNLR _c19991115 |
|
| 852 |
_aNLR _j99-5/3564 |
||
| 942 | _cBOOK | ||
| 980 | _aNB | ||